Guinness world records 2003

Saved in:
Bibliographic Details
Format: Book
Language:Undetermined
Published: 2003
Subjects:
Tags: Add Tag
No Tags, Be the first to tag this record!
Institutions: Trung tâm Học liệu Trường Đại học Cần Thơ
LEADER 00370nam a2200145Ia 4500
001 CTU_130196
008 210402s9999 xx 000 0 und d
020 |c 27.95 
082 |a 904 
082 |b G964 
245 0 |a Guinness world records 2003 
260 |c 2003 
650 |a World records. 
904 |i Tuyến 
980 |a Trung tâm Học liệu Trường Đại học Cần Thơ